000 00980nam a2200289 i 4500
003 DO-SdBNP
005 20250321073607.0
007 ta
008 201106b 2009 dr f 00| 0 eng d
020 _z994540511X
040 _aDO-SdBNP
_bspa
_cBNPHU
_erda
082 4 _aRD863.44
_bP426m, 2009
_222
100 1 _aPeralta Romero, Rafael,
_d1948-
_eautor
_979774
245 1 0 _aMemorias de Enárboles Cuentes :
_bnovela /
_cRafael Peralta Romero ; ilustración de portada, Clara Ledesma.
250 _a4ta. ed.
264 _aSanto Domingo :
_bGente,
_c2009.
300 _a140 páginas ;
_c21 cm.
336 _2rdacontent
_atexto
_btxt
337 _2rdamedia
_asin mediación
_bn
338 _2rdacarrier
_avolumen
_bnc
500 _aIncluye datos biográficos del autor en la solapa de la cubierta
590 _aInventariado, 2020 /LP
650 0 _aNovela dominicana
_9223
650 0 _aLiteratura dominicana.
_967
910 _aValidado. Control de calidad MFF
942 _2ddc
_cLBS1
999 _c49095
_d49095